000 00165nam a22000857a 4500
082 _a823
100 _aSATHEESHAN
245 _aFOLK TALES FROM UTTAR PRADESH
942 _cBK
999 _c8099
_d8099